000 00291nam a2200121 i 4500
001 bg
245 0 _aProjekty wynalazcze W.S.Inż. w Lublinie, w latach 1969-1976.
260 _aLublin,
_c1977.
040 _cBPK
041 _apol
942 _cKS
008 s pl f |000 0 pol
999 _c27918
_d27918
856 _uhttp://koha.tu.koszalin.pl/cgi-bin/koha/opac-detail.pl?biblionumber=27918
_yKatalog online BPK